<?xml version="1.0" encoding="UTF-8"?>
<record
    xmlns:xsi="http://www.w3.org/2001/XMLSchema-instance"
    xsi:schemaLocation="http://www.loc.gov/MARC21/slim http://www.loc.gov/standards/marcxml/schema/MARC21slim.xsd"
    xmlns="http://www.loc.gov/MARC21/slim">

  <leader>00944nam a2200217 i 4500</leader>
  <controlfield tag="001">189162</controlfield>
  <controlfield tag="003">SpMaBN</controlfield>
  <controlfield tag="005">20251110063235.0</controlfield>
  <controlfield tag="008">190411q1927    sp           |||| |bspa d</controlfield>
  <datafield tag="100" ind1="1" ind2=" ">
    <subfield code="a">Lacordaire, Henri-Dominique, </subfield>
    <subfield code="d">1802-1861</subfield>
    <subfield code="9">128564</subfield>
  </datafield>
  <datafield tag="245" ind1="1" ind2="0">
    <subfield code="a">Vida de Santo Domingo de Guzm&#xE1;n. </subfield>
    <subfield code="n">II / </subfield>
    <subfield code="c">P. Lacordaire ; versi&#xF3;n espa&#xF1;ola preparada y anotada por el P. Fr. Raimundo Casta&#xF1;o, O.P.</subfield>
  </datafield>
  <datafield tag="260" ind1=" " ind2=" ">
    <subfield code="a">Madrid : </subfield>
    <subfield code="b">Bruno del Amo, </subfield>
    <subfield code="c">[1927]</subfield>
  </datafield>
  <datafield tag="300" ind1=" " ind2=" ">
    <subfield code="a">1 v. (188 p.) ; </subfield>
    <subfield code="c">19 cm.</subfield>
  </datafield>
  <datafield tag="490" ind1="1" ind2=" ">
    <subfield code="a">Obras completas del P. Fr. Enrique D. Lacordaire, O.P ; </subfield>
    <subfield code="v">9</subfield>
  </datafield>
  <datafield tag="505" ind1="8" ind2=" ">
    <subfield code="a">Contiene: v. 2 de ; </subfield>
    <subfield code="t">Vida de Santo Domingo</subfield>
  </datafield>
  <datafield tag="600" ind1="0" ind2="4">
    <subfield code="a">Domingo de Guzm&#xE1;n </subfield>
    <subfield code="c">Santo.</subfield>
    <subfield code="9">45135</subfield>
  </datafield>
  <datafield tag="700" ind1="1" ind2=" ">
    <subfield code="a">Casta&#xF1;o, Raimundo.</subfield>
    <subfield code="9">166813</subfield>
  </datafield>
  <datafield tag="830" ind1="0" ind2=" ">
    <subfield code="a">Obras completas del P. Fr. Enrique D. Lacordaire, O.P ; </subfield>
    <subfield code="v">9</subfield>
    <subfield code="9">225786</subfield>
  </datafield>
  <datafield tag="852" ind1=" " ind2=" ">
    <subfield code="a">ES-MaACL</subfield>
    <subfield code="j">L-32316 </subfield>
    <subfield code="z">. - Donat. herederos de la bibl. de M&#xAA; del Pilar Costa Palac&#xED;n</subfield>
  </datafield>
  <datafield tag="999" ind1=" " ind2=" ">
    <subfield code="c">189162</subfield>
    <subfield code="d">189162</subfield>
  </datafield>
  <datafield tag="952" ind1=" " ind2=" ">
    <subfield code="0">0</subfield>
    <subfield code="1">0</subfield>
    <subfield code="4">0</subfield>
    <subfield code="7">0</subfield>
    <subfield code="a">ATENEOM</subfield>
    <subfield code="b">ATENEOM</subfield>
    <subfield code="c">DEPO2</subfield>
    <subfield code="d">2019-04-11</subfield>
    <subfield code="e">DON</subfield>
    <subfield code="l">0</subfield>
    <subfield code="o">L-32316</subfield>
    <subfield code="p">1200346</subfield>
    <subfield code="r">2023-02-23 00:00:00</subfield>
    <subfield code="w">2023-02-23</subfield>
    <subfield code="y">MONOGRAFIA</subfield>
  </datafield>
</record>
